[Event "2nd 4NCL Spring Bank Holiday Congress"]
[Site "Basingstoke"]
[Date "2019.05.26"]
[Round "4.12"]
[White "Piecha, Lukasz Marek"]
[Black "Fernando, Manel"]
[Result "1-0"]
[WhiteElo "1727"]
[BlackElo "1492"]
[PlyCount "120"]
[EventDate "2019.05.24"]

1. d4 d5 2. Nc3 c6 3. Bf4 Nf6 4. e3 e6 5. g4 h6 6. h4 Be7 7. Qf3 Nbd7 8. Bd3
Qa5 9. Nge2 c5 10. dxc5 Nxc5 11. O-O Nxd3 12. cxd3 Bd7 13. Nd4 a6 14. Qg3 Rc8
15. Nf3 Qb6 16. Be5 Bd8 17. Rac1 Bc7 18. Bxc7 Qxc7 19. Ne5 Qd8 20. f4 h5 21. g5
Ng4 22. g6 fxg6 23. Nxg6 Rh6 24. Ne5 Qf6 25. Nxd7 Kxd7 26. f5 Rc6 27. Qb8 Qxh4
28. Qxb7+ Kd6 29. Ne4+ dxe4 30. Qxc6+ Ke7 31. Qc5+ Kf7 32. fxe6+ Kg8 33. Rf8+
Kh7 34. Rc2 Qe1+ 35. Rf1 Qxe3+ 36. Qxe3 Nxe3 37. Rc6 Nxf1 38. e7 Rxc6 39. e8=Q
Rc1 40. Qxh5+ Kg8 41. Qe8+ Kh7 42. Qxe4+ Kg8 43. Qf4 Nd2+ 44. Kg2 Rc2 45. Kh3
Rxb2 46. Qd4 Rb5 47. a4 Rh5+ 48. Kg2 Rh6 49. Qd8+ Kh7 50. d4 Ne4 51. Qa8 Nc3
52. Qc8 Nxa4 53. Qc2+ Rg6+ 54. Kh3 Nb6 55. Qe4 Nd7 56. d5 Nf6 57. Qd3 Ng4 58.
Kh4 Ne5 59. Qe4 Nd7 60. d6 Nf8 1-0

[Event "2nd 4NCL Spring Bank Holiday Congress"]
[Site "Basingstoke"]
[Date "2019.05.26"]
[Round "4.13"]
[White "Ball, Matthew P"]
[Black "Khoury, Theo"]
[Result "1-0"]
[WhiteElo "1652"]
[BlackElo "1339"]
[PlyCount "95"]
[EventDate "2019.05.24"]

1. Nf3 d5 2. g3 Nc6 3. Bg2 e5 4. d3 Nf6 5. O-O Be7 6. Nbd2 O-O 7. e4 dxe4 8.
dxe4 Be6 9. Re1 Qd7 10. Qe2 Nd4 11. Nxd4 Qxd4 12. Nf3 Qc5 13. Be3 Qa5 14. Nd2
a6 15. f3 Rad8 16. Bf1 Bc5 17. Nb3 Bxb3 18. axb3 Qb6 19. Bxc5 Qxc5+ 20. Kh1 Rd6
21. Red1 Rfd8 22. Rxd6 Qxd6 23. Qd3 Qe7 24. Qe2 Qc5 25. Rd1 Rxd1 26. Qxd1 Qd4
27. Qxd4 exd4 28. Kg2 Kf8 29. Kf2 Nd7 30. Ke1 Ke7 31. Kd2 Kd6 32. f4 Nc5 33.
e5+ Kc6 34. Bg2+ Kb5 35. Bd5 Ne6 36. f5 Nd8 37. e6 fxe6 38. fxe6 Nc6 39. Kd3
Kc5 40. Ke4 Kd6 41. Bxc6 Kxc6 42. Ke5 b5 43. b4 g6 44. Kf6 Kd6 45. e7 Kd7 46.
Kf7 h5 47. e8=Q+ Kd6 48. Qe6# 1-0

[Event "2nd 4NCL Spring Bank Holiday Congress"]
[Site "Basingstoke"]
[Date "2019.05.26"]
[Round "4.14"]
[White "Sloan, Hamish"]
[Black "Pettit, Felicity Ol"]
[Result "1-0"]
[WhiteElo "1506"]
[BlackElo "1314"]
[PlyCount "61"]
[EventDate "2019.05.24"]

1. e4 c6 2. d4 d5 3. exd5 cxd5 4. c4 Nf6 5. c5 b6 6. Bb5+ Bd7 7. a4 e6 8. Be3
a6 9. Bxd7+ Nbxd7 10. b4 a5 11. Qb3 axb4 12. Qxb4 bxc5 13. dxc5 Be7 14. Nd2 Qc7
15. Nb3 Rc8 16. Rc1 Ne4 17. Ne2 Nexc5 18. O-O Qd6 19. Nxc5 Nxc5 20. Qb5+ Qc6
21. Qxc6+ Rxc6 22. Rc2 O-O 23. Rfc1 Rfc8 24. Nd4 Ra6 25. Nb3 Nxb3 26. Rxc8+ Bf8
27. Rb1 Na5 28. Rbb8 h6 29. h4 h5 30. Rxf8+ Kh7 31. Ra8 1-0

[Event "2nd 4NCL Spring Bank Holiday Congress"]
[Site "Basingstoke"]
[Date "2019.05.26"]
[Round "4.15"]
[White "Farahi-Far, Mohammad"]
[Black "Shek, Daniel"]
[Result "1/2-1/2"]
[WhiteElo "1235"]
[BlackElo "1415"]
[PlyCount "93"]
[EventDate "2019.05.24"]

1. c4 Nf6 2. Nc3 d6 3. g3 g6 4. Nf3 Bg7 5. Bg2 O-O 6. O-O e5 7. e4 Nc6 8. d3
Qe8 9. Be3 Ng4 10. Bd2 f5 11. Nd5 Qd8 12. h3 Nf6 13. Bg5 fxe4 14. Nxf6+ Bxf6
15. Bxf6 Qxf6 16. dxe4 Be6 17. b3 Qe7 18. Qd2 Qg7 19. Ng5 Qd7 20. Nxe6 Qxe6 21.
Qd5 Qf7 22. f4 exf4 23. Rxf4 Qxd5 24. Rxf8+ Rxf8 25. exd5 Ne5 26. Re1 Rf7 27.
Be4 Kf8 28. Rf1 Ke7 29. Rxf7+ Kxf7 30. Kf2 a5 31. a4 Nd7 32. Bc2 Kf6 33. Ke3
Ke5 34. Bd3 Nf6 35. g4 c6 36. dxc6 bxc6 37. Be2 d5 38. cxd5 cxd5 39. h4 d4+ 40.
Kd3 Nd5 41. Kc4 Ke4 42. Bd3+ Ke3 43. Bc2 Nc3 44. h5 gxh5 45. gxh5 h6 46. Bd3
Na2 47. Bb1 1/2-1/2

[Event "2nd 4NCL Spring Bank Holiday Congress"]
[Site "Basingstoke"]
[Date "2019.05.26"]
[Round "4.16"]
[White "Bullock, Lee"]
[Black "Kumar, Sanjit S"]
[Result "1-0"]
[WhiteElo "1516"]
[BlackElo "1298"]
[PlyCount "165"]
[EventDate "2019.05.24"]

1. d4 d5 2. Bf4 Nf6 3. e3 Bf5 4. Bd3 Bg6 5. Nf3 e6 6. c3 Bd6 7. Ne5 Bxd3 8.
Qxd3 Nbd7 9. Nd2 O-O 10. Ndf3 Ne4 11. Nxd7 Qxd7 12. Bg3 f6 13. Nd2 Nxg3 14.
hxg3 h6 15. g4 Qf7 16. f4 e5 17. g3 exf4 18. gxf4 Rae8 19. O-O-O c5 20. dxc5
Bxc5 21. Rh3 b5 22. Nb3 Bb6 23. g5 fxg5 24. fxg5 h5 25. Nd4 Bxd4 26. Qxd4 g6
27. Qxd5 Qxd5 28. Rxd5 Rf1+ 29. Kc2 Rf2+ 30. Kb3 Rb8 31. e4 a5 32. Rhd3 Rb6 33.
Rd8+ Kf7 34. R3d5 b4 35. Rd2 bxc3+ 36. Kxc3 Rc6+ 37. Kb3 Rxd2 38. Rxd2 Ke6 39.
Rd5 Ra6 40. Kc3 Ra7 41. b3 Ra8 42. Kd2 Ra7 43. Ke3 Ra8 44. Rb5 Ra6 45. Kf4 a4
46. b4 a3 47. Ra5 Rb6 48. b5 Ke7 49. Ra7+ Kf8 50. Rxa3 Rxb5 51. Ra6 Kf7 52. a4
Rb1 53. Rf6+ Kg7 54. a5 Rg1 55. a6 Rf1+ 56. Ke5 Rg1 57. Kf4 Rg4+ 58. Ke3 Rxg5
59. Rb6 Ra5 60. Rb7+ Kh6 61. a7 g5 62. Kd4 h4 63. e5 g4 64. e6 g3 65. e7 g2 66.
Rb1 Ra4+ 67. Ke5 Rb4 68. e8=Q Rxb1 69. Qh8+ Kg6 70. Qg8+ Kh6 71. Qxg2 Rb5+ 72.
Kd6 Rb6+ 73. Kc7 Rg6 74. Qxg6+ Kxg6 75. a8=Q Kg5 76. Qg2+ Kh5 77. Kd6 Kh6 78.
Ke6 h3 79. Qxh3+ Kg5 80. Qf3 Kh4 81. Qg2 Kh5 82. Kf5 Kh6 83. Qg6# 1-0

[Event "2nd 4NCL Spring Bank Holiday Congress"]
[Site "Basingstoke"]
[Date "2019.05.25"]
[Round "3.4"]
[White "Goodfellow, Russell Robert"]
[Black "Kumar, Soham"]
[Result "1-0"]
[WhiteElo "1718"]
[BlackElo "1230"]
[PlyCount "97"]
[EventDate "2019.05.24"]

1. e4 c5 2. Nf3 d6 3. d4 cxd4 4. Nxd4 Nf6 5. Nc3 a6 6. f4 e5 7. Nf5 Bxf5 8.
exf5 Nc6 9. g4 Be7 10. Bg2 Rc8 11. h3 Qb6 12. g5 Nd7 13. Nd5 Qd4 14. c3 Qxd1+
15. Kxd1 h6 16. h4 Bd8 17. Be3 Ne7 18. Nxe7 Bxe7 19. Kc2 Rc7 20. Rad1 Rc4 21.
Bd5 Rc7 22. b3 b5 23. Kb2 Nc5 24. fxe5 dxe5 25. g6 fxg6 26. fxg6 Bf6 27. Bf7+
Ke7 28. c4 bxc4 29. Bxc4 Rb8 30. Rd5 Na4+ 31. Ka3 Nb6 32. Bxb6 Rxb6 33. Rhd1
Kf8 34. h5 Be7+ 35. Ka4 Rb4+ 36. Ka5 Rb8 37. Rf1+ Ke8 38. Rxe5 Ra7 39. Rf7 Kd8
40. Ka4 Rb4+ 41. Ka5 Rb8 42. a3 Rbb7 43. Ka4 Kc8 44. Re6 Rc7 45. Rxg7 a5 46.
Ba6+ Kd8 47. Bb5 Kc8 48. Rf7 Rab7 49. Ba6 1-0

[Event "2nd 4NCL Spring Bank Holiday Congress"]
[Site "Basingstoke"]
[Date "2019.05.25"]
[Round "3.5"]
[White "Ahmed, Yunus"]
[Black "Horlock, Peter J"]
[Result "0-1"]
[WhiteElo "1248"]
[BlackElo "1579"]
[PlyCount "62"]
[EventDate "2019.05.24"]

1. e4 e5 2. Nf3 Nc6 3. Bc4 Be7 4. d4 exd4 5. Nxd4 Ne5 6. Bb3 d6 7. Nc3 Nf6 8.
h3 c5 9. Nde2 a6 10. a4 O-O 11. O-O c4 12. Ba2 Bd7 13. f4 Nc6 14. Bxc4 Qb6+ 15.
Kh1 Be6 16. Bxe6 fxe6 17. b3 Rad8 18. Ba3 Qc7 19. Qd2 Nh5 20. Qe3 Rf7 21. g3 d5
22. Bxe7 Rxe7 23. Rad1 d4 24. Qf3 Nxg3+ 25. Qxg3 dxc3 26. Qxc3 Rxd1 27. Rxd1
Qb6 28. Nd4 Rd7 29. e5 Qd8 30. Nxe6 Rxd1+ 31. Kh2 Qe7 0-1

[Event "2nd 4NCL Spring Bank Holiday Congress"]
[Site "Basingstoke"]
[Date "2019.05.25"]
[Round "3.6"]
[White "Seymour, Paul"]
[Black "Piecha, Lukasz Marek"]
[Result "1-0"]
[WhiteElo "1643"]
[BlackElo "1727"]
[PlyCount "113"]
[EventDate "2019.05.24"]

1. d4 d5 2. Bf4 e6 3. e3 Nf6 4. Bd3 Bd6 5. Bxd6 cxd6 6. c3 O-O 7. Nf3 Nbd7 8.
Nbd2 e5 9. dxe5 dxe5 10. Be2 Qb6 11. Qb3 Qd6 12. h3 Nc5 13. Qc2 Bd7 14. O-O
Rac8 15. Rac1 Rc7 16. Rfd1 Qe7 17. b3 Rfc8 18. Qb2 Nce4 19. Nxe4 Nxe4 20. c4 f6
21. cxd5 Nd6 22. Rxc7 Rxc7 23. Rc1 Qd8 24. Nd2 b5 25. Bd3 Qc8 26. Rxc7 Qxc7 27.
Qc2 Qxc2 28. Bxc2 f5 29. b4 Kf7 30. f3 Kf6 31. Kf2 g5 32. e4 f4 33. Bd3 h5 34.
Bf1 g4 35. hxg4 hxg4 36. Be2 g3+ 37. Ke1 Ke7 38. Kd1 Kd8 39. Kc2 Kc7 40. Bf1
Kb6 41. Kc3 a5 42. Nb3 Nc4 43. bxa5+ Ka7 44. Bxc4 bxc4 45. Nc1 Ka6 46. Kb4 c3
47. Kxc3 Kxa5 48. Nd3 Bh3 49. Ne1 Bd7 50. Kc4 Kb6 51. Kb4 Bc8 52. a3 Ba6 53. a4
Bc8 54. a5+ Kc7 55. Kc5 Ba6 56. d6+ Kd7 57. Kd5 1-0

[Event "2nd 4NCL Spring Bank Holiday Congress"]
[Site "Basingstoke"]
[Date "2019.05.25"]
[Round "3.7"]
[White "Robinson, Brian"]
[Black "Farahi-Far, Mohammad"]
[Result "1-0"]
[WhiteElo "1555"]
[BlackElo "1235"]
[PlyCount "75"]
[EventDate "2019.05.24"]

1. d4 Nf6 2. Nf3 g6 3. e3 Bg7 4. Bd3 d6 5. O-O O-O 6. Nbd2 Nc6 7. c3 Re8 8. e4
e5 9. d5 Nb8 10. c4 Na6 11. a3 Nc5 12. Bc2 a6 13. b4 Ncd7 14. Nb3 b5 15. c5 Nh5
16. Be3 h6 17. Rc1 dxc5 18. bxc5 Nf8 19. h3 g5 20. Nxg5 hxg5 21. Qxh5 Nh7 22.
Rfd1 Qf6 23. d6 cxd6 24. Rxd6 Re6 25. Rcd1 Rxd6 26. cxd6 Bd7 27. Bb6 Nf8 28.
Nc5 Rb8 29. Bc7 Rc8 30. Bb3 Bc6 31. Bd5 Bxd5 32. Rxd5 Ne6 33. Nxe6 fxe6 34. Rd3
Rf8 35. Rf3 Qh6 36. Rxf8+ Bxf8 37. Qxh6 Bxh6 38. d7 1-0

[Event "2nd 4NCL Spring Bank Holiday Congress"]
[Site "Basingstoke"]
[Date "2019.05.25"]
[Round "3.8"]
[White "Fisher, Neal"]
[Black "Ball, Matthew P"]
[Result "1-0"]
[WhiteElo "1444"]
[BlackElo "1652"]
[PlyCount "39"]
[EventDate "2019.05.24"]

1. d4 d5 2. Bf4 Nf6 3. Nc3 c6 4. Nf3 Bf5 5. a3 e6 6. e3 Bd6 7. Ne5 Qc7 8. Bd3
Bxd3 9. cxd3 Nbd7 10. Nxd7 Nxd7 11. Bg3 Nf6 12. Rc1 e5 13. O-O exd4 14. Nb5 Qd7
15. Nxd6+ Ke7 16. exd4 Rag8 17. Qf3 Kd8 18. Nf5 Nh5 19. Qxh5 g6 20. Qg5+ 1-0

[Event "2nd 4NCL Spring Bank Holiday Congress"]
[Site "Basingstoke"]
[Date "2019.05.25"]
[Round "3.11"]
[White "Brockes, Jeremy P"]
[Black "Pettit, Felicity Ol"]
[Result "1-0"]
[WhiteElo "1500"]
[BlackElo "1314"]
[PlyCount "57"]
[EventDate "2019.05.24"]

1. Nf3 c6 2. d4 d5 3. c4 Nf6 4. e3 e6 5. b3 Bd6 6. Bb2 Nbd7 7. Nbd2 Qe7 8. Ne5
c5 9. Bd3 cxd4 10. exd4 dxc4 11. bxc4 O-O 12. O-O Bc7 13. Qe2 Nxe5 14. dxe5 Nd7
15. Rad1 Qc5 16. Ne4 Qa5 17. f4 Qxa2 18. Ra1 Qb3 19. Ra3 Qb4 20. Bb1 b6 21. Rg3
Bb7 22. Bc3 Qe7 23. Kh1 Rac8 24. Nf6+ Kh8 25. Qh5 h6 26. Rxg7 Kxg7 27. Qg4+ Kh8
28. Qh4 Kg7 29. Nh5+ 1-0

[Event "2nd 4NCL Spring Bank Holiday Congress"]
[Site "Basingstoke"]
[Date "2019.05.25"]
[Round "3.13"]
[White "Muppidi, Anirudh R"]
[Black "Bullock, Lee"]
[Result "1-0"]
[WhiteElo "1437"]
[BlackElo "1516"]
[PlyCount "175"]
[EventDate "2019.05.24"]

1. e4 c5 2. Nf3 d6 3. d4 cxd4 4. Nxd4 Nf6 5. Nc3 a6 6. Bc4 e5 7. Nf3 h6 8. h3
Be6 9. Bb3 b5 10. Qd3 Nbd7 11. Be3 Rc8 12. Nd5 Nxd5 13. exd5 e4 14. Qxe4 Nf6
15. Qd3 Bd7 16. Bd4 Be7 17. Qe3 O-O 18. O-O Qc7 19. Rac1 Bf5 20. c4 Qb7 21. Qe2
b4 22. Ba4 Ne4 23. Qe3 Nc5 24. Bc6 Qc7 25. Rfe1 Ne4 26. Bb6 Qb8 27. Ba7 Qc7 28.
Qb6 Bf6 29. Qxc7 Rxc7 30. Bd4 Be7 31. b3 Nc5 32. Re3 f6 33. Rce1 Kf7 34. Bxc5
dxc5 35. g4 Bc8 36. Nh4 Bd6 37. Nf5 Bxf5 38. gxf5 Be5 39. Kg2 Rg8 40. Rd1 Rd8
41. Kf3 Rxc6 42. dxc6 Rxd1 43. Rxe5 Rd3+ 44. Kg2 Rd8 45. Rxc5 Rc8 46. Kf3 Ke7
47. Ke4 Kd6 48. Kd4 Re8 49. c7 Rc8 50. Rd5+ Kc6 51. Rc5+ Kd6 52. h4 h5 53. f3
a5 54. Rxa5 Rxc7 55. c5+ Kc6 56. Ra6+ Kb7 57. Rb6+ Ka7 58. Rxb4 Rd7+ 59. Kc4
Rd2 60. a4 Rf2 61. Kb5 Rxf3 62. Kc6 Rxf5 63. Rb5 Re5 64. Kd6 Re8 65. c6 g5 66.
hxg5 fxg5 67. Rxg5 h4 68. Rh5 Re4 69. c7 Rd4+ 70. Kc5 Rd1 71. Rxh4 Rc1+ 72. Rc4
Rd1 73. b4 Kb7 74. a5 Kxc7 75. Kb5+ Kb8 76. Kc6 Rd8 77. Rc5 Rc8+ 78. Kb6 Rd8
79. Rc6 Ka8 80. a6 Rb8+ 81. Ka5 Ka7 82. b5 Rd8 83. Rc5 Rd6 84. b6+ Kb8 85. a7+
Kb7 86. Rc7+ Ka8 87. Rc8+ Kb7 88. a8=Q# 1-0

[Event "2nd 4NCL Spring Bank Holiday Congress"]
[Site "Basingstoke"]
[Date "2019.05.25"]
[Round "3.16"]
[White "Sandercock, E Barry"]
[Black "Chadwick, Susan E"]
[Result "1-0"]
[WhiteElo "1650"]
[BlackElo "1512"]
[PlyCount "137"]
[EventDate "2019.05.24"]

1. Nf3 Nf6 2. d3 d5 3. Nbd2 c5 4. g3 g6 5. Bg2 Bg7 6. e4 d4 7. O-O Nc6 8. Re1
O-O 9. h3 e5 10. Nc4 Re8 11. a4 Bd7 12. Bd2 Be6 13. Ncxe5 Nxe5 14. Nxe5 Qc8 15.
Kh2 Qd8 16. Nf3 Bc8 17. Qc1 Nd7 18. Bh6 Bh8 19. h4 Nf6 20. Bg5 Ng4+ 21. Kg1 Qd6
22. Bf4 Qf8 23. Nh2 Nf6 24. Bh6 Qe7 25. Bg5 Qe6 26. f4 Ng4 27. f5 gxf5 28. exf5
Qxe1+ 29. Qxe1 Rxe1+ 30. Rxe1 Ne3 31. Bxe3 dxe3 32. Nf3 Bxf5 33. Rxe3 Be6 34.
b3 Kf8 35. Kf1 Re8 36. Ng5 Bf5 37. Rxe8+ Kxe8 38. Bxb7 h6 39. Nf3 Bf6 40. Ke2
Bg4 41. Ke3 Bc3 42. Kf4 Be6 43. Ba6 Kd7 44. g4 Ba5 45. g5 Bc7+ 46. Ke3 hxg5 47.
Nxg5 Ke7 48. Nxe6 fxe6 49. Bb7 Kf6 50. Be4 Be5 51. Kf3 Kg7 52. Kg4 Kh6 53. h5
a5 54. Bg6 Bf6 55. Bf7 e5 56. Kf5 Bg7 57. Ke6 Kg5 58. Kd5 Kf6 59. Bg6 Bf8 60.
Kc6 Ke6 61. Kb5 Kd5 62. c3 Bh6 63. c4+ Kd4 64. Kxa5 Bd2+ 65. Kb5 Kc3 66. a5
Kxb3 67. a6 Ka3 68. a7 Bg5 69. a8=Q+ 1-0

[Event "2nd 4NCL Spring Bank Holiday Congress"]
[Site "Basingstoke"]
[Date "2019.05.25"]
[Round "2.1"]
[White "Horlock, Peter J"]
[Black "Winter, Kevin"]
[Result "1/2-1/2"]
[WhiteElo "1579"]
[BlackElo "1742"]
[PlyCount "82"]
[EventDate "2019.05.24"]

1. e4 d6 2. d4 Nf6 3. Nc3 Nbd7 4. Nf3 e5 5. dxe5 dxe5 6. Bd3 c6 7. a3 Be7 8. b4
O-O 9. O-O h6 10. h3 Qc7 11. Bb2 a6 12. Ne2 c5 13. bxc5 Bxc5 14. Ng3 Re8 15.
Qe2 Nf8 16. Kh1 Ng6 17. Bc1 Bd7 18. Be3 Bd6 19. Qd2 Bf8 20. Nh2 Nf4 21. Bxf4
exf4 22. Ne2 Nxe4 23. Bxe4 Rxe4 24. f3 Rc4 25. c3 Rc8 26. Rfd1 Ba4 27. Re1 Rd8
28. Qc1 Re8 29. Qb2 g5 30. Ng4 Bg7 31. Nd4 Rc5 32. Rxe8+ Bxe8 33. Re1 Bc6 34.
Qb1 h5 35. Nf2 Bxd4 36. cxd4 Rd5 37. Ne4 Kg7 38. Qb4 a5 39. Qc3 Qd8 40. Nc5 h4
41. Nd3 Qd6 1/2-1/2

[Event "2nd 4NCL Spring Bank Holiday Congress"]
[Site "Basingstoke"]
[Date "2019.05.25"]
[Round "2.3"]
[White "Fernando, Manel"]
[Black "Bishop, Geoffrey L"]
[Result "0-1"]
[WhiteElo "1492"]
[BlackElo "1715"]
[PlyCount "62"]
[EventDate "2019.05.24"]

1. d4 Nf6 2. Nf3 d5 3. Bf4 c5 4. e3 Qb6 5. Qc1 Nc6 6. c3 Bf5 7. Be2 Rc8 8. dxc5
Qxc5 9. O-O e6 10. Nbd2 Bd6 11. Nb3 Qb6 12. Bxd6 Ne4 13. Bf4 O-O 14. Qd1 a5 15.
Ne5 Rfd8 16. Nxc6 Rxc6 17. Nd4 Qxb2 18. Nxc6 bxc6 19. Qb3 Qxe2 20. Qb6 Rf8 21.
Qxc6 g5 22. Bd6 Rd8 23. Bc7 Rf8 24. Bxa5 h5 25. Bb4 Rb8 26. a4 h4 27. Rae1 Qc2
28. Rc1 Qd2 29. a5 h3 30. Rcd1 Qe2 31. Rde1 Qg4 0-1

[Event "2nd 4NCL Spring Bank Holiday Congress"]
[Site "Basingstoke"]
[Date "2019.05.25"]
[Round "2.4"]
[White "Kumar, Soham"]
[Black "Seymour, Paul"]
[Result "1/2-1/2"]
[WhiteElo "1230"]
[BlackElo "1643"]
[PlyCount "78"]
[EventDate "2019.05.24"]

1. e4 d5 2. exd5 Qxd5 3. Nc3 Qd6 4. d4 Nf6 5. Nf3 a6 6. Be3 b5 7. Bd3 Bb7 8.
Qd2 e6 9. Bf4 Qb6 10. Be3 c5 11. dxc5 Bxc5 12. Bxc5 Qxc5 13. Qe2 Nbd7 14. Be4
Nxe4 15. Nxe4 Qb4+ 16. Nfd2 Qxb2 17. O-O Qe5 18. Qd3 Bd5 19. Rfe1 Rc8 20. Qa3
Rc6 21. Nf3 Qc7 22. Nd4 Bxe4 23. Nxc6 Qxc6 24. Rad1 Bd5 25. Qd3 O-O 26. Re3 Rc8
27. Rh3 Qxc2 28. Qd4 Rc4 29. Qa1 Nf8 30. Rg3 Ng6 31. h4 Qf5 32. Rdd3 Rxh4 33.
Qe1 Rg4 34. Qa5 Rxg3 35. Qd8+ Nf8 36. Rxg3 Qc2 37. Qf6 Ng6 38. Qd8+ Nf8 39. Qf6
Ng6 1/2-1/2

[Event "2nd 4NCL Spring Bank Holiday Congress"]
[Site "Basingstoke"]
[Date "2019.05.25"]
[Round "2.7"]
[White "Pettit, Felicity Ol"]
[Black "Robinson, Brian"]
[Result "1/2-1/2"]
[WhiteElo "1314"]
[BlackElo "1555"]
[PlyCount "57"]
[EventDate "2019.05.24"]

1. c4 Nf6 2. g3 e6 3. Bg2 d5 4. cxd5 exd5 5. d4 Be7 6. Nc3 O-O 7. Nf3 Be6 8.
O-O Nbd7 9. Re1 Bb4 10. a3 Ba5 11. b4 Bb6 12. Bf4 c6 13. Qd3 Bc7 14. Bxc7 Qxc7
15. Rac1 Qd6 16. Na2 Nb6 17. Qb3 Nc4 18. a4 a6 19. Nc3 b5 20. e3 Rfb8 21. Rb1
Ne4 22. Red1 Nxc3 23. Qxc3 bxa4 24. Nd2 Nxd2 25. Rxd2 Rb6 26. Ra2 Rab8 27. Rxa4
Bd7 28. h3 g6 29. Rb2 1/2-1/2

[Event "2nd 4NCL Spring Bank Holiday Congress"]
[Site "Basingstoke"]
[Date "2019.05.25"]
[Round "2.8"]
[White "Ball, Matthew P"]
[Black "Maurus, Mickey"]
[Result "1/2-1/2"]
[WhiteElo "1652"]
[BlackElo "1336"]
[PlyCount "60"]
[EventDate "2019.05.24"]

1. Nf3 d5 2. d4 Nf6 3. Bf4 Bf5 4. e3 a6 5. c4 e6 6. Qb3 Qc8 7. Nbd2 Nc6 8. Rc1
Bb4 9. a3 Bxd2+ 10. Nxd2 O-O 11. h3 Rd8 12. Nf3 Be4 13. Qc3 h6 14. Bd3 Re8 15.
Bxe4 Nxe4 16. Qc2 Qd8 17. O-O Rc8 18. b4 Re7 19. Nd2 Nxd2 20. Qxd2 dxc4 21.
Rxc4 e5 22. Bg3 Rd7 23. Qb2 exd4 24. exd4 Rxd4 25. Rc2 Rd1 26. Rxd1 Qxd1+ 27.
Kh2 Qd5 28. Rd2 Qf5 29. Qa1 Qe6 30. Qd1 Qc4 1/2-1/2

[Event "2nd 4NCL Spring Bank Holiday Congress"]
[Site "Basingstoke"]
[Date "2019.05.25"]
[Round "2.9"]
[White "Farahi-Far, Arman"]
[Black "Sandercock, E Barry"]
[Result "1-0"]
[WhiteElo "1314"]
[BlackElo "1650"]
[PlyCount "91"]
[EventDate "2019.05.24"]

1. d4 e5 2. dxe5 Nc6 3. Nf3 Qe7 4. g3 Nxe5 5. Bg2 c6 6. Nc3 d5 7. Nxe5 Qxe5 8.
Bf4 Qe7 9. Qd4 Nf6 10. O-O Bf5 11. Rac1 Bg6 12. Rfe1 Qb4 13. Qxb4 Bxb4 14. Bd2
O-O 15. a3 Ba5 16. b4 Bc7 17. Na4 b6 18. c4 Rac8 19. cxd5 cxd5 20. Bh3 Ne4 21.
Bxc8 Nxd2 22. Rxc7 Nc4 23. Bh3 Nxa3 24. Rxa7 b5 25. Nc5 Nc2 26. Rd1 Nxb4 27.
Rb7 Nc2 28. Rxb5 d4 29. Nd7 Re8 30. Rb8 Rxb8 31. Nxb8 Be4 32. f3 Bg6 33. Nc6 h5
34. Nxd4 Ne3 35. Rc1 Nd5 36. e4 Ne7 37. Nc6 Kf8 38. Nxe7 Kxe7 39. Rc7+ Kd6 40.
Rd7+ Kc6 41. Kf2 Kc5 42. Rc7+ Kb5 43. f4 Kb6 44. Re7 Kc6 45. f5 Kd6 46. Ra7 1-0

[Event "2nd 4NCL Spring Bank Holiday Congress"]
[Site "Basingstoke"]
[Date "2019.05.25"]
[Round "2.10"]
[White "Zhu, Feng"]
[Black "Ahmed, Yunus"]
[Result "0-1"]
[WhiteElo "1447"]
[BlackElo "1248"]
[PlyCount "80"]
[EventDate "2019.05.24"]

1. d4 Nf6 2. Bf4 e6 3. Nf3 d5 4. e3 c5 5. Nc3 a6 6. Be2 Nc6 7. O-O Be7 8. h3
O-O 9. Na4 cxd4 10. exd4 b5 11. Nc5 Qb6 12. Nb3 Bb7 13. c3 Rac8 14. Nbd2 Na5
15. b4 Nc6 16. a4 Ra8 17. Nb3 Ne4 18. Qc2 bxa4 19. Rxa4 Rfc8 20. Bd3 Nxb4 21.
Rxb4 Bxb4 22. Nc5 Bxc5 23. Rb1 Qa7 24. dxc5 Rab8 25. Bxb8 Rxb8 26. Ne5 Nxc5 27.
Bxh7+ Kf8 28. Bd3 Bc8 29. Ra1 Qc7 30. Nf3 Bb7 31. Nd2 Rc8 32. Rc1 Bc6 33. Nb3
Ba4 34. Rb1 Nxb3 35. Rxb3 Bxb3 36. Qxb3 Qxc3 37. Qb7 Qc1+ 38. Bf1 Qc6 39. Qb4+
Kg8 40. Qa5 Qd6 0-1

[Event "2nd 4NCL Spring Bank Holiday Congress"]
[Site "Basingstoke"]
[Date "2019.05.25"]
[Round "2.11"]
[White "Farahi-Far, Mohammad"]
[Black "Fisher, Neal"]
[Result "1/2-1/2"]
[WhiteElo "1235"]
[BlackElo "1444"]
[PlyCount "151"]
[EventDate "2019.05.24"]

1. c4 e5 2. Nc3 Nf6 3. g3 c6 4. Nf3 d6 5. Bg2 Be7 6. O-O h6 7. d4 exd4 8. Nxd4
O-O 9. Bf4 Nh5 10. Be3 Re8 11. Qc2 Bg5 12. Bxg5 Qxg5 13. Ne4 Qe5 14. Rfd1 Nf6
15. Nxf6+ Qxf6 16. Rd2 Na6 17. a3 Bg4 18. Nxc6 Nc5 19. Nb4 Bf5 20. Nd5 Qg6 21.
Qc3 Rab8 22. Nf4 Qg5 23. Rxd6 h5 24. h4 Qe7 25. Nxh5 f6 26. Nxf6+ gxf6 27. Rxf6
Ne4 28. Bxe4 Qxe4 29. f3 Qc2 30. Qxc2 Bxc2 31. e4 Bxe4 32. fxe4 Rxe4 33. Rf4
Re3 34. Kg2 Rd8 35. Raf1 Rd2+ 36. R1f2 Rd7 37. Rg4+ Kh7 38. Kh3 Re1 39. Rgf4
Rg7 40. Rf7 Re3 41. Rxg7+ Kxg7 42. Rf4 Rb3 43. Rf2 Re3 44. h5 Re4 45. c5 Re5
46. Kh4 Rxc5 47. g4 Rb5 48. b4 Rd5 49. Rc2 Rd7 50. Rc4 b6 51. g5 b5 52. h6+ Kg6
53. Rc6+ Kh7 54. Kh5 Rd5 55. Rc7+ Kh8 56. Rxa7 Re5 57. Rf7 Kg8 58. Rf6 Kh7 59.
Ra6 Rd5 60. a4 bxa4 61. Rxa4 Rb5 62. Ra7+ Kh8 63. Kg6 Rb6+ 64. Kf7 Rxb4 65. Ra6
Rb7+ 66. Kg6 Rb8 67. Rf6 Rg8+ 68. Kf5 Kh7 69. Rf7+ Kh8 70. g6 Ra8 71. g7+ Kg8
72. Re7 Kh7 73. Kf6 Kg8 74. Kg5 Kh7 75. Re6 Re8 76. Rxe8 1/2-1/2

[Event "2nd 4NCL Spring Bank Holiday Congress"]
[Site "Basingstoke"]
[Date "2019.05.25"]
[Round "2.12"]
[White "Kumar, Sanjit S"]
[Black "Goodfellow, Russell Robert"]
[Result "0-1"]
[WhiteElo "1298"]
[BlackElo "1718"]
[PlyCount "66"]
[EventDate "2019.05.24"]

1. e4 c5 2. Nf3 e6 3. d4 cxd4 4. Nxd4 Nf6 5. Nc3 d6 6. Be2 a6 7. O-O Qc7 8. Be3
b5 9. Bf3 Bb7 10. a3 Nbd7 11. Qe2 h6 12. Rad1 Ne5 13. Nb3 g5 14. g3 Rg8 15. Bg2
Be7 16. a4 b4 17. Na2 a5 18. f3 Bc6 19. Qf2 Nc4 20. Nd4 Nxe3 21. Qxe3 Bxa4 22.
b3 Bd7 23. f4 gxf4 24. Rxf4 e5 25. Rxf6 Bxf6 26. Nf5 Bxf5 27. exf5 Qa7 28. Qxa7
Rxa7 29. Rxd6 Ke7 30. Rc6 Rd8 31. g4 Rd1+ 32. Bf1 Ra1 33. Nxb4 axb4 0-1

[Event "2nd 4NCL Spring Bank Holiday Congress"]
[Site "Basingstoke"]
[Date "2019.05.25"]
[Round "2.13"]
[White "O'brien, Paul W"]
[Black "Mathew, Johan"]
[Result "1-0"]
[WhiteElo "1610"]
[BlackElo "1235"]
[PlyCount "107"]
[EventDate "2019.05.24"]

1. e4 e5 2. Nc3 Nc6 3. Bc4 Nf6 4. d3 d6 5. f4 exf4 6. Bxf4 Be7 7. Nf3 Bg4 8. h3
Bh5 9. g4 Bg6 10. Qd2 a6 11. O-O-O b5 12. Nxb5 Na7 13. Nxa7 Rxa7 14. Nd4 Qd7
15. g5 Nh5 16. Bd5 O-O 17. Nc6 Nxf4 18. Qxf4 Raa8 19. Nxe7+ Qxe7 20. Bxa8 Rxa8
21. h4 Bh5 22. Rde1 Re8 23. d4 Qd7 24. e5 d5 25. Re3 Qa4 26. Ra3 Qc4 27. Qd2
Bf3 28. Re1 Be4 29. Qc3 Qxc3 30. Rxc3 Rc8 31. Rc6 a5 32. Re3 Bf5 33. Rec3 g6
34. Rxc7 Ra8 35. R7c5 a4 36. Rxd5 Be6 37. Rdc5 Kg7 38. d5 Bf5 39. d6 Rd8 40.
Rc7 Kf8 41. a3 Bd7 42. b3 axb3 43. cxb3 Ke8 44. a4 Ra8 45. R3c5 Rb8 46. Kc2 Ra8
47. Kc3 Rb8 48. a5 Kd8 49. b4 Ra8 50. Rb7 Bc8 51. Rxf7 Ke8 52. Rxh7 Kd8 53.
Rh8+ Kd7 54. Rhxc8 1-0

[Event "2nd 4NCL Spring Bank Holiday Congress"]
[Site "Basingstoke"]
[Date "2019.05.25"]
[Round "2.15"]
[White "Abbas, Ahmed C"]
[Black "Sloan, Hamish"]
[Result "1-0"]
[WhiteElo "1549"]
[BlackElo "1506"]
[PlyCount "99"]
[EventDate "2019.05.24"]

1. e4 d6 2. d4 Nf6 3. Nc3 g6 4. Be3 Bg7 5. h3 O-O 6. Qd2 b6 7. Nf3 Bb7 8. Bd3
Nbd7 9. Bh6 Ne8 10. Bxg7 Kxg7 11. O-O e5 12. d5 Nc5 13. Be2 h6 14. Nh2 f5 15.
f4 Qe7 16. Rad1 Nf6 17. fxe5 Nfxe4 18. exd6 Qxd6 19. Qd4+ Qf6 20. Qxf6+ Rxf6
21. Nxe4 Nxe4 22. Bf3 Nd6 23. Be2 Re8 24. Rfe1 Rf7 25. c4 Rfe7 26. Kf1 Ne4 27.
Bd3 Nd6 28. Rxe7+ Rxe7 29. Nf3 c6 30. dxc6 Bxc6 31. b3 Be4 32. Nd4 Bb7 33. Re1
Rxe1+ 34. Kxe1 Kf6 35. Kf2 Ke5 36. Nc2 Be4 37. Ne1 Kd4 38. Be2 Kc3 39. Bf3 Kd2
40. g4 g5 41. gxf5 Bxf5 42. Bd5 Bxh3 43. Nf3+ Kc3 44. Ne5 Bc8 45. Nc6 a6 46.
Ne7 Bd7 47. Ng8 Nf5 48. Nf6 Bc8 49. Ne4+ Kd4 50. Nd2 1-0